Statistics for All-time Top Scores of Top 50 Nations by FIFA Ranking

Click here to take the quiz!

General Stats

  • This quiz has been taken 913 times
  • The average score is 13 of 40

Answer Stats

FIFA RANKINGNATION# OF GOALSTOP SCORER% Correct
9Portugal51Cristiano Ronaldo
84%
1Germany71Miroslav Klose
82%
6Brazil77Pelé
81%
8Uruguay42Luis Suárez
70%
7France51Thierry Henry
69%
25Côte d'Ivoire65Didier Drogba
67%
10Spain59David Villa
65%
39Sweden50Zlatan Ibrahimovic
64%
40Cameroon56Samuel Eto'o
60%
2Argentina56Gabriel Batistuta
57%
19Ukraine48Andriy Shevchenko
56%
26Bosnia and Herzegovina38Edin Džeko
55%
5Netherlands48Robin van Persie
55%
23United States57Landon Donovan
52%
14Croatia45Davor Šuker
49%
21Romania35Gheorghe Hagi / Adrian Mutu
47%
20England49Bobby Charlton
45%
34Wales28Ian Rush
33%
22Czech Republic55Jan Koller
28%
35Ghana45Asamoah Gyan
26%
37Scotland30Denis Law / Kenny Dalglish
23%
28Iceland24Eiður Guðjohnsen
22%
12Switzerland42Alexander Frei
21%
32Denmark52Poul Nielsen / Jon Dahl Tomasson
19%
13Chile37Marcelo Salas
18%
11Italy35Luigi Riva
15%
29Austria44Toni Polster
10%
30Russia28Aleksandr Kerzhakov
9%
36Slovenia35Zlatko Zahovič
9%
38Egypt68Hossam Hassan
8%
17Mexico46Jared Borgetti
7%
24Slovakia23Róbert Vittek
7%
4Belgium30Bernard Voorhoof / Paul Van Himst
6%
27Ecuador31Agustín Delgado
5%
18Greece29Nikos Anastopoulos
3%
15Algeria35Abdelhafid Tasfaout
2%
3Colombia25Arnoldo Alberto Iguarán
2%
16Costa Rica47Rolando Fonseca
2%
33Cape Verde8Carlos Morais
1%
31Tunisia36Issam Jemâa
1%

Score Distribution

Percentile by Number Answered

Percent of People with Each Score

Your Score History

You have not taken this quiz